000 00450nam a2200181Ia 4500
005 20250603145501.0
008 250603s9999 xx 000 0 und d
020 _a9780367508777
050 _aRB 170 .O95/
100 _aEdited by Cobley, James N.
245 0 _aOxidative stress in exercise physiology
260 _aBoca Raton
260 _b CRC Press
260 _c2022
300 _axiii, 635p.: ill.
650 _aBoca Raton
942 _cBK
999 _c41991
_d41991